000 00351 a2200157 4500
999 _c12129
_d12129
003 OSt
005 20231223120103.0
008 231223b ||||| |||| 00| 0 eng d
020 _a3764366677
040 _cbmsca
082 _a720
100 _aFeireiss
245 _aIngenhoven Overdiek Und Partner Energies
260 _bBirkhauser
942 _2ddc